000 00420nam a2200181Ia 4500
001 14328
005 20260306164906.0
008 260306t2013||||xx |||||||||||||| ||spa||
041 _aESP
082 _a511.3
_bS94
100 _aSuppes, Patrick,
_eAUT
245 0 _aIntroduccción a la logica matematica
260 _c2013
300 _a278
_c22 cm.
650 _aGEN
654 _aCMA
942 _cLIB
_dJUS
_fJUS
_2ddc
_n
999 _c14328
_d14328